Statistics for Artificial Border Crossings

Click here to take the quiz!

General Stats

  • This quiz has been taken 29 times
  • The average score is 7 of 8

Answer Stats

Answer% Correct
France
96%
United Kingdom
96%
Denmark
92%
Sweden
92%
Malaysia
85%
Singapore
85%
Bahrain
73%
Saudi Arabia
69%

Score Distribution

Percentile by Number Answered

Percent of People with Each Score

Your Score History

You have not taken this quiz